Stati per produzione di Carbone - Statistics

Statistiche generali
  • Questo quiz è stato fatto 8 volte
  • Il punteggio medio è 11 su 15
Statistiche sulle risposte
Produzione di carbone (mln. tonnellate/anno) Continente Nazione % Corretto
4 126,0 Asia Cina
100%
126,3 Europa Germania
100%
762,0 Asia India
100%
435,3 Asia / Europa Russia
100%
523,8 America del Nord Stati Uniti
100%
107,4 Europa Polonia
83%
85,6 Asia / Europa Turchia
83%
467,1 Oceania Australia
67%
47,5 America del Sud Canada
67%
614,0 Asia Indonesia
67%
89,1 Asia / Europa Kazakistan
67%
235,7 Africa Sudafrica
67%
56,2 America del Sud Colombia
50%
47,8 Asia Vietnam
17%
36,4 Europa Serbia
0%
Nessun quiz corrispondente trovato
Distribuzione punteggi
Percentuale di utenti per punteggio
Percentile per numero di risposta
I tuoi punteggi nel tempo
Non hai fatto questo quiz